000 00563nam a2200181 i 4500
001 42037
003 ES-MaACL
005 20230906160533.0
007 t|
008 030312s1977 sp ||||1| cat d
100 1 _aCarbonell y Sebarroja, Jaime.
_935076
245 1 2 _aL'Escola Normal de la Generalitat (1931-1939) /
_cJaume Carbonell i Sebarroja ; práoleg de Marta Mata.
250 _a1ª ed.
260 _aBarcelona :
_bEdiciones 62,
_c1977.
300 _a351 p., 16 lám. ;
_c25 cm.
700 1 _aMata, Marta.
_978884
852 _aES-MaACL
_jA-7551
_bR.96586
999 _c42037
_d42037